[Event "2MCR_3DE_2LB_1S"]
[Site "?"]
[Date "2007.??.??"]
[Round "?"]
[White "Vinklarek, Ondrej"]
[Black "Pirhala, Ladislav"]
[Result "1-0"]
[WhiteElo "2000"]
[BlackElo "2120"]
[PlyCount "61"]
[EventDate "2007.??.??"]
[EventType "corr"]
[EventRounds "2"]
[SourceDate "2007.01.28"]

1. d4 Nf6 2. c4 e6 3. Nf3 d5 4. Nc3 c6 5. cxd5 exd5 6. Bg5 Be7 7. e3 Nbd7 8.
Bd3 O-O 9. Qc2 Re8 10. h3 Nf8 11. O-O-O Be6 12. g4 Rc8 13. Kb1 Qa5 14. Nd2 Qd8
15. f4 h6 16. Bh4 Bd7 17. Nf3 Ne4 18. Bxe7 Nxc3+ 19. Qxc3 Qxe7 20. Rhe1 c5 21.
Ne5 b6 22. e4 cxd4 23. Qd2 dxe4 24. Bxe4 Qd6 25. Qxd4 Qxd4 26. Rxd4 Bb5 27. Rb4
Rc5 28. Rc1 Rec8 29. Rxc5 Rxc5 30. Nd3 g5 31. Nxc5 1-0

[Event "2MCR_3DE_2LB_1S"]
[Site "?"]
[Date "2007.??.??"]
[Round "?"]
[White "Vinklarek, Ondrej"]
[Black "Kaas, Jaroslav"]
[Result "0-1"]
[WhiteElo "2000"]
[BlackElo "1800"]
[PlyCount "74"]
[EventDate "2007.??.??"]
[EventType "corr"]
[EventRounds "2"]
[SourceDate "2007.01.28"]

1. e4 c5 2. Nf3 d6 3. d4 cxd4 4. Nxd4 Nf6 5. Nc3 a6 6. Bc4 e6 7. Bb3 Nbd7 8. f4
Nc5 9. e5 Nfd7 10. exd6 Nf6 11. Be3 Bxd6 12. Qf3 Bd7 13. O-O-O O-O 14. Bc4 Rc8
15. Bd3 Re8 16. Kb1 e5 17. Nf5 e4 18. Nxe4 Ncxe4 19. Bxe4 Nxe4 20. Nxd6 Nxd6
21. Rxd6 Qe7 22. Rhd1 Bf5 23. R6d3 Be4 24. Qf1 Bxd3 25. Rxd3 Rcd8 26. Rc3 Qh4
27. h3 Qg3 28. Bc1 Re1 29. Rxg3 Rxf1 30. c4 Rd4 31. Rc3 Rdxf4 32. c5 f5 33. c6
bxc6 34. Rxc6 h5 35. g3 R4f3 36. Rxa6 Rxg3 37. a4 f4 0-1

[Event "2MCR_3DE_2LB_1S"]
[Site "?"]
[Date "2007.??.??"]
[Round "?"]
[White "Pirhala, Ladislav"]
[Black "Vinklarek, Ondrej"]
[Result "1-0"]
[WhiteElo "2120"]
[BlackElo "2000"]
[PlyCount "63"]
[EventDate "2007.??.??"]
[EventType "corr"]
[EventRounds "2"]
[SourceDate "2007.01.28"]

1. e4 c5 2. Nf3 d6 3. d4 cxd4 4. Nxd4 Nf6 5. Nc3 g6 6. Be3 Bg7 7. f3 O-O 8. Qd2
Nc6 9. Bc4 Bd7 10. O-O-O Qb8 11. h4 b5 12. Bb3 b4 13. Nd5 Nxd5 14. Bxd5 Qc7 15.
h5 Rfc8 16. Kb1 Rab8 17. hxg6 hxg6 18. Bxc6 Bxc6 19. g4 Ba4 20. b3 Bb5 21. Qh2
e5 22. Nxb5 Rxb5 23. Rd2 Kf8 24. Rhd1 Rd8 25. Bg5 f6 26. Bh6 Qe7 27. Rh1 Rb6
28. Qg1 Kg8 29. Rdh2 d5 30. Bxg7 Qxg7 31. Rh6 dxe4 32. Qc5 1-0

[Event "2MCR_3DE_2LB_2S"]
[Site "?"]
[Date "2007.??.??"]
[Round "?"]
[White "Paukert, Martin"]
[Black "Jednicky, Vaclav"]
[Result "1/2-1/2"]
[WhiteElo "2111"]
[BlackElo "1600"]
[PlyCount "69"]
[EventDate "2007.??.??"]
[EventType "corr"]
[EventRounds "2"]
[SourceDate "2007.01.28"]

1. f4 d5 2. Nf3 g6 3. g3 Bg7 4. Bg2 Nc6 5. O-O Nf6 6. c3 O-O 7. d3 Qd6 8. Na3
Qc5+ 9. Kh1 a5 10. Ne5 Be6 11. Nc2 a4 12. Be3 Qd6 13. Nxc6 bxc6 14. Nd4 Bg4 15.
Qc2 c5 16. Nf3 Rfb8 17. Ne5 Be6 18. Bf2 Ra5 19. b4 axb3 20. axb3 Rxa1 21. Rxa1
Ng4 22. Nxg4 Bxg4 23. e4 dxe4 24. dxe4 e5 25. f5 Rd8 26. b4 cxb4 27. cxb4 Bd1
28. Qc5 Qxc5 29. Bxc5 gxf5 30. exf5 e4 31. f6 Bxf6 32. Ra6 Bd4 33. Bxe4 Bxc5
34. bxc5 Rd4 35. Ba8 1/2-1/2

[Event "2MCR_3DE_2LB_1S"]
[Site "?"]
[Date "2007.??.??"]
[Round "?"]
[White "Doudera, Lubomir"]
[Black "Jezek, Otakar"]
[Result "1-0"]
[WhiteElo "2136"]
[BlackElo "1867"]
[PlyCount "61"]
[EventDate "2007.??.??"]
[EventType "corr"]
[EventRounds "2"]
[SourceDate "2007.01.28"]

1. e4 d5 2. exd5 Qxd5 3. Nc3 Qe6+ 4. Be2 Qg6 5. Bf3 Nf6 6. Nge2 e5 7. d4 e4 8.
Nf4 Qf5 9. Bxe4 Nxe4 10. Qe2 Bb4 11. f3 Nc6 12. fxe4 Qd7 13. Nfd5 Nxd4 14. Qd3
Bxc3+ 15. Qxc3 c6 16. Qxd4 O-O 17. O-O cxd5 18. exd5 Re8 19. c4 f5 20. b3 Re4
21. Qc3 Qe7 22. Bb2 Bd7 23. Rae1 Qg5 24. Rxe4 fxe4 25. Rf4 Re8 26. Qe3 Qg6 27.
Bd4 a6 28. h3 Bf5 29. c5 h6 30. Kh2 Qd6 31. cxd6 1-0

[Event "2MCR_3DE_2LB_2S"]
[Site "?"]
[Date "2007.??.??"]
[Round "?"]
[White "Vrkota, Milos"]
[Black "Martinovsky, Vaclav"]
[Result "0-1"]
[WhiteElo "2000"]
[BlackElo "2200"]
[PlyCount "84"]
[EventDate "2007.??.??"]
[EventType "corr"]
[EventRounds "2"]
[SourceDate "2007.01.28"]

1. e4 c5 2. Nc3 Nc6 3. f4 e6 4. Nf3 d5 5. Bb5 d4 6. Bxc6+ bxc6 7. Ne2 d3 8.
cxd3 Ba6 9. d4 Bd3 10. Ng3 h5 11. Qa4 Rc8 12. Ne5 h4 13. Nxd3 hxg3 14. h3 Nf6
15. Ne5 Nxe4 16. Qxa7 Rc7 17. Qa6 Nf2 18. Rf1 Be7 19. Qc4 cxd4 20. b3 O-O 21.
d3 Bd6 22. Bd2 Qh4 23. Ng4 Nxg4 24. hxg4 c5 25. Qa6 Qe7 26. g5 g6 27. Ke2 e5
28. fxe5 Qxe5+ 29. Kd1 Qd5 30. Rf6 Rd8 31. Kc2 Be5 32. Rf3 c4 33. bxc4 Ra8 34.
Qb6 Qd7 35. Kc1 Rb7 36. Qc5 Bd6 37. Qd5 Ba3+ 38. Kd1 Qa4+ 39. Ke2 Rd7 40. Qb5
Re7+ 41. Kf1 Qc2 42. Qd5 Rf8 0-1

[Event "2MCR_3DE_2LB_3S"]
[Site "?"]
[Date "2007.??.??"]
[Round "?"]
[White "Cipka, Ivan"]
[Black "Martinec, Jan"]
[Result "1-0"]
[WhiteElo "2100"]
[BlackElo "2000"]
[PlyCount "45"]
[EventDate "2007.??.??"]
[EventType "corr"]
[EventRounds "2"]
[SourceDate "2007.01.28"]

1. e4 c5 2. Nf3 d6 3. d4 cxd4 4. Nxd4 Nf6 5. Nc3 a6 6. Be2 e6 7. O-O Qc7 8. f4
b5 9. e5 dxe5 10. fxe5 Nfd7 11. Bf3 Ra7 12. Be3 Bc5 13. Ne4 Qxe5 14. Re1 O-O
15. Nxc5 Nxc5 16. b4 Na4 17. Nxe6 Rd7 18. Nxf8 Rxd1 19. Raxd1 Qc7 20. Bf4 Qb6+
21. Kh1 Be6 22. Nxe6 fxe6 23. Rd6 1-0

[Event "2MCR_3DE_2LB_3S"]
[Site "?"]
[Date "2007.??.??"]
[Round "?"]
[White "Martinec, Jan"]
[Black "Cipka, Ivan"]
[Result "0-1"]
[WhiteElo "2000"]
[BlackElo "2100"]
[PlyCount "42"]
[EventDate "2007.??.??"]
[EventType "corr"]
[EventRounds "2"]
[SourceDate "2007.01.28"]

1. e4 e5 2. Nf3 Nf6 3. Bb5 a6 4. Bc4 Nxe4 5. d3 Nf6 6. Nxe5 d5 7. Bb3 Bd6 8. d4
c5 9. c3 O-O 10. O-O Nc6 11. Bg5 h6 12. Bxf6 Qxf6 13. Nxc6 bxc6 14. dxc5 Bxc5
15. Bxd5 cxd5 16. Qxd5 Qb6 17. b4 Bd6 18. Qxa8 Bb7 19. Qxf8+ Kxf8 20. a4 Qc6
21. f3 Qb6+ 0-1

[Event "2MCR_3DE_2LB_3S"]
[Site "?"]
[Date "2007.??.??"]
[Round "?"]
[White "Martinec, Jan"]
[Black "Vokolek, Jaroslav"]
[Result "0-1"]
[WhiteElo "2000"]
[BlackElo "2000"]
[PlyCount "40"]
[EventDate "2007.??.??"]
[EventType "corr"]
[EventRounds "2"]
[SourceDate "2007.01.28"]

1. e4 c5 2. Nf3 Nc6 3. d4 cxd4 4. Nxd4 g6 5. Nc3 Bg7 6. Be3 Nf6 7. f3 O-O 8.
Qd2 d5 9. Nxc6 bxc6 10. O-O-O Be6 11. Be2 Qc7 12. Bf4 Qa5 13. exd5 cxd5 14. Be5
Ne4 15. fxe4 Bxe5 16. exd5 Rab8 17. dxe6 Rxb2 18. exf7+ Kg7 19. Qe3 Bxc3 20.
Bc4 Qa3 0-1

[Event "2MCR_3DE_2LB_1S"]
[Site "?"]
[Date "2007.??.??"]
[Round "?"]
[White "Jezek, Otakar"]
[Black "Mateka, Petr"]
[Result "0-1"]
[WhiteElo "1867"]
[BlackElo "2275"]
[PlyCount "131"]
[EventDate "2007.??.??"]
[EventType "corr"]
[EventRounds "2"]
[SourceDate "2007.01.28"]

1. Nf3 Nf6 2. d4 e6 3. Bg5 h6 4. Bxf6 Qxf6 5. e4 d6 6. Nbd2 e5 7. dxe5 dxe5 8.
Bc4 Be7 9. Qe2 O-O 10. O-O Nd7 11. a4 a5 12. Rfd1 Nc5 13. Qe3 Bg4 14. Bb3 Rfe8
15. h3 Bd7 16. Nc4 Bf8 17. Rd5 b6 18. Rxe5 Be6 19. Ncd2 Nxb3 20. cxb3 Bd6 21.
Rb5 Bc5 22. Rxc5 bxc5 23. Rc1 Qxb2 24. Qxc5 Bxb3 25. Rb1 Qc2 26. Qa3 Be6 27.
Rc1 Qa2 28. Qxa2 Bxa2 29. Rxc7 Reb8 30. Rc2 Be6 31. Nd4 Bd7 32. Rc4 Rb4 33. Kf1
Rxa4 34. Rxa4 Bxa4 35. Ke2 Rc8 36. Kd3 Rc5 37. N2f3 Bb5+ 38. Nxb5 Rxb5 39. Nd4
Rb1 40. Nc2 Kf8 41. f3 Ke7 42. Ne3 Rb3+ 43. Kd4 a4 44. Nc2 Kf6 45. Kc4 Kg5 46.
Nd4 Kf4 47. Nxb3 axb3 48. Kxb3 Kg3 49. Kc3 Kxg2 50. f4 Kxh3 51. Kd4 Kg4 52. Ke3
h5 53. f5 f6 54. Kd4 h4 55. Ke3 h3 56. Kf2 Kf4 57. Kg1 Kxe4 58. Kh2 Kxf5 59.
Kxh3 g5 60. Kg3 g4 61. Kf2 Kf4 62. Ke2 g3 63. Kf1 Kf3 64. Ke1 g2 65. Kd2 g1=Q
66. Kc3 0-1

[Event "2MCR_3DE_2LB_2S"]
[Site "?"]
[Date "2007.??.??"]
[Round "?"]
[White "Vrkota, Milos"]
[Black "Jednicky, Vaclav"]
[Result "1/2-1/2"]
[WhiteElo "2000"]
[BlackElo "1600"]
[PlyCount "116"]
[EventDate "2007.??.??"]
[EventType "corr"]
[EventRounds "2"]
[SourceDate "2007.01.28"]

1. e4 c5 2. Nc3 Nc6 3. f4 g6 4. Nf3 Bg7 5. Bb5 a6 6. Bxc6 bxc6 7. O-O Nf6 8. d3
O-O 9. Qe1 d6 10. Qh4 Rb8 11. a3 Nd7 12. f5 Ne5 13. Nxe5 Bxe5 14. Nd1 a5 15.
Bg5 f6 16. Bf4 g5 17. Qg3 Bd4+ 18. Kh1 Kh8 19. Bd2 e6 20. Rb1 Rb7 21. Ne3 d5
22. b3 dxe4 23. dxe4 a4 24. Qh3 axb3 25. cxb3 Re7 26. Nc4 exf5 27. exf5 Rfe8
28. Qd3 Ba6 29. Rbe1 Kg7 30. Rxe7+ Qxe7 31. Qb1 Qd8 32. Re1 Rxe1+ 33. Qxe1 Kf8
34. Qg3 Qd7 35. Qd3 Qd5 36. a4 h5 37. a5 h4 38. h3 Ke7 39. Qc2 Kd8 40. Be3 Kc7
41. Qb1 Kb7 42. Bd2 Ka7 43. Qe1 Qd7 44. Be3 Bxc4 45. bxc4 Ka6 46. Bxd4 Qxd4 47.
Qe6 Kxa5 48. Qxc6 Qa1+ 49. Kh2 Qe5+ 50. Kh1 Kb4 51. Qe6 Qd4 52. Kh2 Kb3 53. Qd5
Qf2 54. Qe6 Qf4+ 55. Kh1 Qd4 56. Kh2 Kc3 57. Kh1 Kd3 58. Kh2 Kc2 1/2-1/2

[Event "2MCR_3DE_2LB_3S"]
[Site "?"]
[Date "2007.??.??"]
[Round "?"]
[White "Hrdy, Tomas"]
[Black "Dojcinovic, Miroslav"]
[Result "1-0"]
[WhiteElo "1600"]
[BlackElo "1605"]
[PlyCount "65"]
[EventDate "2007.??.??"]
[EventType "corr"]
[EventRounds "2"]
[SourceDate "2007.01.28"]

1. e4 e5 2. Nf3 Nc6 3. Bb5 a6 4. Ba4 Nf6 5. O-O b5 6. Bb3 Bb7 7. Re1 Bc5 8. c3
O-O 9. d4 Bb6 10. Bg5 d6 11. a4 h6 12. Bh4 exd4 13. cxd4 Re8 14. axb5 axb5 15.
Rxa8 Bxa8 16. d5 Ne5 17. Nc3 b4 18. Nb5 Ng6 19. Bxf6 Qxf6 20. Nbd4 Bb7 21. Qd2
Rxe4 22. Rxe4 Kh7 23. Qc2 Kg8 24. Re8+ Kh7 25. Nc6 Qf4 26. Nd8 Bc8 27. Ne6 fxe6
28. dxe6 d5 29. Rxc8 Qe4 30. Qd1 Be3 31. Bxd5 Qf5 32. fxe3 Ne7 33. Be4 1-0

[Event "2MCR_3DE_2LB_2S"]
[Site "?"]
[Date "2007.??.??"]
[Round "?"]
[White "Kratochvil, Jan"]
[Black "Martinovsky, Vaclav"]
[Result "1/2-1/2"]
[WhiteElo "1815"]
[BlackElo "2200"]
[PlyCount "105"]
[EventDate "2007.??.??"]
[EventType "corr"]
[EventRounds "2"]
[SourceDate "2007.01.28"]

1. c4 Nf6 2. d4 g6 3. g3 Bg7 4. Nf3 O-O 5. Nc3 d5 6. cxd5 Nxd5 7. Bg2 c5 8. O-O
cxd4 9. Nxd4 Nxc3 10. bxc3 Qc7 11. Qb3 Rd8 12. Rd1 Nc6 13. Be3 Bd7 14. Bf4 Qc8
15. Nxc6 Bxc6 16. Rxd8+ Qxd8 17. Bxc6 bxc6 18. Rd1 Qc8 19. Qc4 e5 20. Be3 Qc7
21. Bc5 a5 22. a4 Qb7 23. Kg2 Rb8 24. Rd6 Bf8 25. Rd3 Bg7 26. Bd6 Re8 27. e4 h6
28. h3 Kh7 29. Rf3 Kg8 30. Bc5 Rb8 31. Rd3 Qb3 32. Qxb3 Rxb3 33. g4 Bf6 34. Bd6
Rb2 35. Kf3 Ra2 36. Bc7 Rxa4 37. Rd6 Bh4 38. Rxc6 f6 39. Bb6 Ra2 40. Rc8+ Kf7
41. Rc7+ Kg8 42. Ra7 Rc2 43. Kg2 Rxc3 44. Rxa5 Rc4 45. Kf3 Rc3+ 46. Be3 Bg5 47.
Rc5 Rb3 48. Rc7 Bxe3 49. fxe3 Rb8 50. h4 Rf8 51. h5 Rf7 52. Rc8+ Kg7 53. Rc6
1/2-1/2

[Event "2MCR_3DE_2LB_3S"]
[Site "?"]
[Date "2007.??.??"]
[Round "?"]
[White "Martinec, Jan"]
[Black "Hrdy, Tomas"]
[Result "0-1"]
[WhiteElo "2000"]
[BlackElo "1600"]
[PlyCount "44"]
[EventDate "2007.??.??"]
[EventType "corr"]
[EventRounds "2"]
[SourceDate "2007.01.28"]

1. e4 e5 2. Nc3 Nf6 3. f4 d5 4. fxe5 Nxe4 5. Nf3 Bg4 6. Qe2 Nxc3 7. dxc3 Qd7 8.
Bf4 Nc6 9. O-O-O Be7 10. Qe3 Qe6 11. Be2 O-O 12. Nd4 Nxd4 13. cxd4 Bxe2 14.
Qxe2 c5 15. dxc5 Rac8 16. b4 a5 17. a3 axb4 18. axb4 b6 19. cxb6 Qxb6 20. Qe3
Qxb4 21. Rdf1 Rc3 22. Qe2 Ra8 0-1

[Event "2MCR_3DE_2LB_2S"]
[Site "?"]
[Date "2007.??.??"]
[Round "?"]
[White "Jednicky, Vaclav"]
[Black "Martinovsky, Vaclav"]
[Result "1-0"]
[WhiteElo "1600"]
[BlackElo "2200"]
[PlyCount "65"]
[EventDate "2007.??.??"]
[EventType "corr"]
[EventRounds "2"]
[SourceDate "2007.01.28"]

1. d4 Nf6 2. c4 c5 3. d5 d6 4. Nc3 g6 5. e4 Bg7 6. Nf3 O-O 7. Be2 h6 8. O-O
Nbd7 9. h3 a6 10. Be3 b6 11. Qd2 Kh7 12. a3 Qc7 13. Rfe1 Bb7 14. Bd3 e6 15.
Rad1 e5 16. Rb1 Ng8 17. Qc2 Ne7 18. b4 f5 19. exf5 gxf5 20. Nh4 e4 21. Bxe4
fxe4 22. Qxe4+ Kg8 23. Bxh6 Rf7 24. Bxg7 Rxg7 25. Qe6+ Kh8 26. Qh6+ Rh7 27.
Qxh7+ Kxh7 28. Rxe7+ Kh8 29. Ne4 Rf8 30. Ng6+ Kg8 31. Nxf8 Kxf8 32. Rh7 cxb4
33. Re1 1-0

[Event "2MCR_3DE_2LB_1S"]
[Site "?"]
[Date "2007.??.??"]
[Round "?"]
[White "Pirhala, Ladislav"]
[Black "Jezek, Otakar"]
[Result "1-0"]
[WhiteElo "2120"]
[BlackElo "1867"]
[PlyCount "111"]
[EventDate "2007.??.??"]
[EventType "corr"]
[EventRounds "2"]
[SourceDate "2007.01.28"]

1. e4 d5 2. exd5 Qxd5 3. Nc3 Qd6 4. d4 Nf6 5. Nf3 Bg4 6. Be2 a6 7. O-O Nc6 8.
Be3 e6 9. Qd2 O-O-O 10. Rfd1 h5 11. h3 Bf5 12. a3 Be7 13. Bd3 Bxd3 14. Qxd3
Rhg8 15. Ng5 Rgf8 16. b4 Nd5 17. Nge4 Qd7 18. b5 axb5 19. Qxb5 Nb8 20. Qb3 Nxe3
21. fxe3 Qc6 22. a4 g5 23. d5 exd5 24. Nxd5 Rd7 25. Rd4 f5 26. Nxe7+ Rxe7 27.
Nd6+ cxd6 28. Rc4 Rfe8 29. Qd3 Qxc4 30. Qxc4+ Nc6 31. Rb1 g4 32. a5 Rxe3 33. a6
Re1+ 34. Rxe1 Rxe1+ 35. Kf2 Rb1 36. Qa2 Rb5 37. a7 Nxa7 38. Qxa7 Rc5 39. Qa2 h4
40. Ke1 Kd7 41. Kd2 Kc6 42. Qg8 Rd5+ 43. Kc1 gxh3 44. gxh3 b5 45. Qc8+ Kb6 46.
Qd8+ Kc6 47. Qxh4 Re5 48. Qg3 Kd5 49. h4 f4 50. Qf3+ Ke6 51. h5 Re1+ 52. Kd2
Rg1 53. h6 Rg8 54. Qe4+ Kf7 55. Qd5+ Kf8 56. Ke2 1-0

[Event "2MCR_3DE_2LB_3S"]
[Site "?"]
[Date "2007.??.??"]
[Round "?"]
[White "Dojcinovic, Miroslav"]
[Black "Hrdy, Tomas"]
[Result "0-1"]
[WhiteElo "1605"]
[BlackElo "1600"]
[PlyCount "54"]
[EventDate "2007.??.??"]
[EventType "corr"]
[EventRounds "2"]
[SourceDate "2007.01.28"]

1. e4 e6 2. d4 d5 3. e5 c5 4. c3 Nc6 5. Nf3 Qb6 6. a3 c4 7. Nbd2 Na5 8. Be2 Bd7
9. O-O Be7 10. Rb1 Nh6 11. Qc2 O-O 12. Re1 Be8 13. Qd1 Rd8 14. h3 Kh8 15. Bf1
Rc8 16. g4 Ng8 17. Qe2 Ba4 18. Bg2 Qb5 19. g5 Bc2 20. Ra1 Bd3 21. Qe3 Qa4 22.
Qf4 b5 23. Qe3 Bd8 24. h4 Ne7 25. Qf4 b4 26. h5 bxc3 27. bxc3 Qc2 0-1

[Event "2MCR_3DE_2LB_1S"]
[Site "?"]
[Date "2007.??.??"]
[Round "?"]
[White "Struzka, Vlastimil"]
[Black "Vinklarek, Ondrej"]
[Result "1/2-1/2"]
[WhiteElo "2080"]
[BlackElo "2000"]
[PlyCount "72"]
[EventDate "2007.??.??"]
[EventType "corr"]
[EventRounds "2"]
[SourceDate "2007.01.28"]

1. d4 Nf6 2. Bf4 d5 3. e3 c5 4. Nc3 e6 5. Nf3 a6 6. dxc5 Bxc5 7. Bd3 O-O 8. O-O
Nc6 9. e4 d4 10. Ne2 Qb6 11. c3 Nh5 12. Qd2 Nxf4 13. Qxf4 dxc3 14. bxc3 f6 15.
Rab1 Qa5 16. Bc4 Kh8 17. Nfd4 e5 18. Nxc6 bxc6 19. Qf3 Ra7 20. Nc1 Be7 21. Qe3
Rd7 22. Nb3 Qa4 23. Be6 Rdd8 24. Bxc8 Rxc8 25. Qe2 Rfd8 26. Rfd1 g6 27. h4 h5
28. Qe3 Kg8 29. Kh2 a5 30. Nc5 Bxc5 31. Rxd8+ Rxd8 32. Qxc5 Qxe4 33. Qxa5 Qxh4+
34. Kg1 Rf8 35. Qc7 Qc4 36. a4 Qxc3 1/2-1/2

[Event "2MCR_3DE_2LB_1S"]
[Site "?"]
[Date "2007.??.??"]
[Round "?"]
[White "Motejzik, Jaroslav"]
[Black "Vinklarek, Ondrej"]
[Result "1-0"]
[WhiteElo "2068"]
[BlackElo "2000"]
[PlyCount "53"]
[EventDate "2007.??.??"]
[EventType "corr"]
[EventRounds "2"]
[SourceDate "2007.01.28"]

1. d4 Nf6 2. c4 g6 3. Nc3 Bg7 4. e4 d6 5. Nf3 O-O 6. Be2 Nc6 7. O-O e5 8. d5
Ne7 9. Nd2 Ne8 10. b4 f5 11. c5 fxe4 12. Ndxe4 Nf5 13. Bg5 Nf6 14. Rc1 h6 15.
Bxf6 Bxf6 16. Nxf6+ Qxf6 17. Qd2 Nd4 18. Qxh6 a5 19. a3 Bf5 20. Qe3 axb4 21.
axb4 Ra3 22. Bc4 b5 23. cxb6 cxb6 24. Qd2 Qh4 25. f4 Qh6 26. Nb5 Rfa8 27. Nxd6
1-0

[Event "2MCR_3DE_2LB_2S"]
[Site "?"]
[Date "2007.??.??"]
[Round "?"]
[White "Jednicky, Vaclav"]
[Black "Pensimus, Petr"]
[Result "1-0"]
[WhiteElo "1600"]
[BlackElo "1848"]
[PlyCount "79"]
[EventDate "2007.??.??"]
[EventType "corr"]
[EventRounds "2"]
[SourceDate "2007.01.28"]

1. d4 d5 2. c4 e6 3. Nc3 c6 4. e3 Nf6 5. Nf3 Nbd7 6. Qc2 Bd6 7. Bd3 O-O 8. O-O
dxc4 9. Bxc4 Qe7 10. Bd2 a6 11. a4 c5 12. dxc5 Nxc5 13. a5 Rd8 14. Rfd1 Qc7 15.
h3 Rb8 16. e4 Ncd7 17. Be3 b5 18. axb6 Nxb6 19. Ba2 Be7 20. Rdc1 Nfd7 21. Qe2
Nc5 22. Bd4 Nbd7 23. Na4 a5 24. Rc3 Ba6 25. Qc2 Rb5 26. Rc1 Rc8 27. Bc4 Nxa4
28. Qxa4 Qb8 29. Bxb5 Rxc3 30. Rxc3 Qxb5 31. Rc8+ Nf8 32. Qxb5 Bxb5 33. Bc5 Bd7
34. Rc7 Bxc5 35. Rxc5 a4 36. Ne5 f6 37. Nxd7 Nxd7 38. Rc4 Ne5 39. Rxa4 Kf8 40.
b4 1-0

[Event "2MCR_3DE_2LB_1S"]
[Site "?"]
[Date "2007.??.??"]
[Round "?"]
[White "Motejzik, Jaroslav"]
[Black "Pirhala, Ladislav"]
[Result "1/2-1/2"]
[WhiteElo "2068"]
[BlackElo "2120"]
[PlyCount "93"]
[EventDate "2007.??.??"]
[EventType "corr"]
[EventRounds "2"]
[SourceDate "2007.01.28"]

1. d4 Nf6 2. c4 e6 3. Nc3 Bb4 4. e3 O-O 5. Bd3 d5 6. Nf3 c5 7. O-O Nc6 8. a3
Bxc3 9. bxc3 dxc4 10. Bxc4 Qc7 11. Bb5 a6 12. Bd3 e5 13. Qc2 Re8 14. e4 exd4
15. cxd4 Bg4 16. e5 Bxf3 17. exf6 Nxd4 18. Bxh7+ Kh8 19. fxg7+ Kxg7 20. Bb2
Rad8 21. gxf3 Rh8 22. Kh1 Kf8 23. Qe4 f5 24. Qh4 Rxh7 25. Qf6+ Ke8 26. Qg6+ Qf7
27. Qg3 Kd7 28. Bxd4 f4 29. Qg4+ Kc6 30. Rac1 Rxd4 31. Qc8+ Qc7 32. Qe6+ Qd6
33. Rxc5+ Kxc5 34. Qf5+ Qd5 35. Qxh7 Qxf3+ 36. Kg1 Kb6 37. Rb1+ Ka7 38. Qc7 Qd5
39. Qb6+ Ka8 40. Qb3 Qe4 41. f3 Qe7 42. Qc3 Rd8 43. Kh1 Qh7 44. Qb4 Qc7 45. a4
Rd5 46. Qe4 Rd2 47. Rg1 1/2-1/2

[Event "2MCR_3DE_2LB_3S"]
[Site "?"]
[Date "2007.??.??"]
[Round "?"]
[White "Tyrlik, Jaroslav"]
[Black "Martinec, Jan"]
[Result "1-0"]
[WhiteElo "2101"]
[BlackElo "2000"]
[PlyCount "43"]
[EventDate "2007.??.??"]
[EventType "corr"]
[EventRounds "2"]
[SourceDate "2007.01.28"]

1. d4 Nf6 2. Nf3 g6 3. Nbd2 Bg7 4. e4 d6 5. Bc4 O-O 6. Qe2 Nbd7 7. O-O e6 8.
Rd1 c5 9. c3 d5 10. e5 dxc4 11. exf6 Bxf6 12. dxc5 Nxc5 13. Nxc4 Qc7 14. Bh6
Bg7 15. Bxg7 Kxg7 16. Nd4 Bd7 17. Rd2 Rfd8 18. Ne5 Rac8 19. Qe3 b6 20. b4 Na6
21. Ng4 f5 22. Nxf5+ 1-0

[Event "2MCR_3DE_2LB_3S"]
[Site "?"]
[Date "2007.??.??"]
[Round "?"]
[White "Cipka, Ivan"]
[Black "Tyrlik, Jaroslav"]
[Result "1-0"]
[WhiteElo "2100"]
[BlackElo "2101"]
[PlyCount "83"]
[EventDate "2007.??.??"]
[EventType "corr"]
[EventRounds "2"]
[SourceDate "2007.01.28"]

1. e4 e5 2. Nf3 Nf6 3. d4 Nxe4 4. Bd3 Nc6 5. dxe5 Nc5 6. Nc3 d6 7. Bb5 a6 8.
Bxc6+ bxc6 9. O-O Bg4 10. h3 Bh5 11. exd6 Bxd6 12. Qe1+ Ne6 13. Ng5 Qe7 14.
Nxe6 fxe6 15. Qe4 O-O 16. Qxc6 Bg6 17. Ne4 Rab8 18. Nxd6 cxd6 19. c4 Rfc8 20.
Qxa6 Ra8 21. Qb6 Rxc4 22. Be3 Rca4 23. Rfc1 Be4 24. Rc7 Qd8 25. Rac1 Rb8 26.
Rd7 Qxb6 27. Bxb6 Rxa2 28. b4 Rb2 29. Ba5 Rb1 30. Rxb1 Bxb1 31. Rxd6 e5 32. Rd5
e4 33. b5 Rb7 34. Bd8 Kf7 35. b6 Ke6 36. Ra5 Kd7 37. Bc7 g6 38. Ra8 Bc2 39. g4
Bb3 40. Rh8 Ke7 41. Rxh7+ Bf7 42. Kf1 1-0

[Event "2MCR_3DE_2LB_1S"]
[Site "?"]
[Date "2007.??.??"]
[Round "?"]
[White "Pirhala, Ladislav"]
[Black "Mateka, Petr"]
[Result "1/2-1/2"]
[WhiteElo "2120"]
[BlackElo "2275"]
[PlyCount "138"]
[EventDate "2007.??.??"]
[EventType "corr"]
[EventRounds "2"]
[SourceDate "2007.01.28"]

1. e4 e5 2. Nf3 Nc6 3. Bb5 a6 4. Ba4 Nf6 5. O-O Be7 6. Re1 b5 7. Bb3 O-O 8. c3
d6 9. h3 Na5 10. Bc2 c5 11. d4 Qc7 12. Nbd2 Nc6 13. d5 Na5 14. Nf1 Nc4 15. b3
Nb6 16. a4 bxa4 17. bxa4 Bd7 18. Bd3 c4 19. Bc2 a5 20. Be3 Rab8 21. N3d2 g6 22.
Qf3 Rb7 23. Reb1 Rfb8 24. Rb2 Be8 25. Nh2 Nbd7 26. Rxb7 Rxb7 27. Qe2 Rb2 28.
Qd1 Nh5 29. g3 Nhf6 30. Kg2 Rb8 31. Rb1 Nb6 32. Nhf1 Bd8 33. Bxb6 Rxb6 34. Rxb6
Qxb6 35. Nxc4 Qc7 36. Nfd2 Nd7 37. h4 Kg7 38. Kg1 h5 39. Kg2 Kg8 40. f3 Kg7 41.
Qe2 Nb6 42. Nxb6 Qxb6 43. Qd3 Qb2 44. Bd1 Qa1 45. Qc2 Bb6 46. Nc4 Bc5 47. Nb2
Bd7 48. Nd3 Ba7 49. Kf1 f5 50. exf5 Bxf5 51. Ke1 Be3 52. Ke2 Ba7 53. Qb3 Bxd3+
54. Kxd3 Bf2 55. Ke2 Bxg3 56. Qb7+ Kf6 57. Qa8 Qa2+ 58. Kd3 e4+ 59. fxe4 Qb1+
60. Kc4 Qxe4+ 61. Kb3 Qb1+ 62. Kc4 Bxh4 63. Qd8+ Kf7 64. Qxh4 Qxd1 65. Qf4+ Kg7
66. Qxd6 Qxa4+ 67. Kd3 Qd1+ 68. Kc4 Qa4+ 69. Kd3 Qd1+ 1/2-1/2

[Event "2MCR_3DE_2LB_1S"]
[Site "?"]
[Date "2007.??.??"]
[Round "?"]
[White "Kaas, Jaroslav"]
[Black "Mateka, Petr"]
[Result "1/2-1/2"]
[WhiteElo "1800"]
[BlackElo "2275"]
[PlyCount "116"]
[EventDate "2007.??.??"]
[EventType "corr"]
[EventRounds "2"]
[SourceDate "2007.01.28"]

1. e4 e5 2. Nf3 Nc6 3. Bb5 a6 4. Ba4 Nf6 5. O-O Be7 6. Re1 b5 7. Bb3 O-O 8. d3
d6 9. c3 Na5 10. Bc2 c5 11. Nbd2 Re8 12. Nf1 Bf8 13. Bg5 h6 14. Bh4 g5 15. Bg3
Nh5 16. Ne3 Bg7 17. h4 Nxg3 18. fxg3 Be6 19. hxg5 hxg5 20. g4 c4 21. Qe2 Rc8
22. Kh2 cxd3 23. Bxd3 Nc4 24. Bxc4 Bxc4 25. Nxc4 Rxc4 26. Nd2 Rc6 27. g3 d5 28.
exd5 Qxd5 29. Ne4 b4 30. Qf3 Qe6 31. cxb4 Rb8 32. a3 a5 33. Rac1 Rxc1 34. Rxc1
axb4 35. a4 b3 36. Kg2 Rd8 37. Rf1 Rd4 38. a5 Rc4 39. Rf2 Qc6 40. Nxg5 Qxf3+
41. Kxf3 Ra4 42. Rd2 Bh6 43. Rd8+ Kg7 44. Ne4 Bc1 45. Rd3 Rxa5 46. Rxb3 Ra2 47.
g5 Bxb2 48. Kg4 Bd4 49. Rb8 Ra4 50. Kf5 Ra5 51. Rd8 Bb2 52. Rd7 Ra1 53. Rc7
Rf1+ 54. Kg4 Ba3 55. Ra7 Bc1 56. Ra8 Be3 57. Nd6 Kg6 58. Rh8 Kg7 1/2-1/2

[Event "2MCR_3DE_2LB_1S"]
[Site "?"]
[Date "2007.??.??"]
[Round "?"]
[White "Mateka, Petr"]
[Black "Kaas, Jaroslav"]
[Result "1/2-1/2"]
[WhiteElo "2275"]
[BlackElo "1800"]
[PlyCount "109"]
[EventDate "2007.??.??"]
[EventType "corr"]
[EventRounds "2"]
[SourceDate "2007.01.28"]

1. e4 e5 2. Nf3 Nc6 3. Bb5 a6 4. Ba4 Nf6 5. O-O Be7 6. Re1 b5 7. Bb3 O-O 8. c3
d6 9. h3 Re8 10. d4 Bb7 11. Nbd2 Bf8 12. d5 Nb8 13. Nf1 Nbd7 14. Ng3 g6 15. Nh2
Nc5 16. Bc2 c6 17. b4 Ncd7 18. dxc6 Bxc6 19. Bb3 a5 20. a3 Rc8 21. Qf3 h5 22.
Bg5 Bg7 23. Red1 Nf8 24. Qe3 Ne6 25. Bh4 Qc7 26. Nf3 Nd7 27. Ng5 Ndf8 28. bxa5
Nxg5 29. Bxg5 Ne6 30. h4 Nc5 31. c4 Qxa5 32. cxb5 Bxb5 33. Rxd6 Nxb3 34. Qxb3
Bc4 35. Qd1 Ra8 36. Rc1 Be6 37. Rd3 Reb8 38. Be7 Rb2 39. Rd8+ Kh7 40. Rxa8 Qxa8
41. Rb1 Ra2 42. Ra1 Rxf2 43. Kxf2 Qa7+ 44. Kf1 Qxe7 45. Qd3 Bf8 46. Rc1 Bh6 47.
Rc3 Qf6+ 48. Kg1 Qxh4 49. Qd1 Qe7 50. Nf1 Qa7+ 51. Kh1 Qf2 52. Qd3 Qe1 53. Kg1
h4 54. Rc2 Bf4 55. Rb2 1/2-1/2